Data broadcasting: The technology and the business

Guardat en:
Dades bibliogràfiques
Autor principal: Lars Tvede
Format: Llibre
Idioma:Undetermined
Publicat: Chichester, Eng. John Wiley and Sons 1999
Matèries:
Etiquetes: Afegir etiqueta
Sense etiquetes, Sigues el primer a etiquetar aquest registre!
Thư viện lưu trữ: Trung tâm Học liệu Trường Đại học Cần Thơ
LEADER 00683nam a2200205Ia 4500
001 CTU_57321
008 210402s9999 xx 000 0 und d
020 |b 1399000 
082 |a 384.3 
082 |b T969 
100 |a Lars Tvede 
245 0 |a Data broadcasting: The technology and the business 
245 0 |c Lars Tvede, Peter Pircher and Jen Bodenkamp 
260 |a Chichester, Eng. 
260 |b John Wiley and Sons 
260 |c 1999 
650 |a broadcasting,broadband communication equipment industry,data transmission equipment industry 
650 |z united states,united states,united states 
904 |i Minh 
980 |a Trung tâm Học liệu Trường Đại học Cần Thơ